Development of school education in India / (Record no. 81266)

MARC details
000 -LEADER
fixed length control field 00576nam a22001817a 4500
005 - DATE AND TIME OF LATEST TRANSACTION
control field 20131219114258.0
010 ## - LCCN (DPL NO)
LC control number ENG-108906
020 ## - INTERNATIONAL STANDARD BOOK NUMBER
International Standard Book Number 9789381142875
Terms of availability 950.00
035 ## - SYSTEM CONTROL NUMBER
System control number EN-92439
037 ## - SOURCE OF ACQUISITION
Source of stock number/acquisition DBAD/PUB
082 ## - DEWEY DECIMAL CLASSIFICATION NUMBER
Classification number 370.954
100 ## - MAIN ENTRY--PERSONAL NAME
Personal name Pulla Rao, D.
245 ## - TITLE STATEMENT
Title Development of school education in India /
Statement of responsibility, etc by D. Pulla Rao
260 ## - PUBLICATION, DISTRIBUTION, ETC. (IMPRINT)
Place of publication, distribution, etc New Delhi
Name of publisher, distributor, etc Manglam Publications
Date of publication, distribution, etc 2013
270 ## - ADDRESS
Address K-129 Gali No.3 Near Shiv Om Jwelers 3-1/2 Pusta Gautam Vihar
City New Delhi
Postal code 110053
300 ## - PHYSICAL DESCRIPTION
Extent 285p.
Dimensions 22cm(Hb)
942 ## - ADDED ENTRY ELEMENTS (KOHA)
Source of classification or shelving scheme Dewey Decimal Classification
Item type English Books
Call number suffix PUL
Classification part 370.954
Holdings
Withdrawn status Lost status Not for loan Collection code Home library Current library Date acquired Source of acquisition Cost, normal purchase price Full call number Barcode Copy number Cost, replacement price Koha item type
    Not For Loan Non-fiction D.B.Act.Division D.B.Act.Division 18/12/2013 DBAD/PUB 950.00 370.954 PUL EN-92439 1 950.00 English Books

© Delhi Public Library
Hit Counter
free hit counter